| 000 | 00448nam a2200169Ia 4500 | ||
|---|---|---|---|
| 008 | 260330s2005 xx 000 0 und d | ||
| 020 | _a978-0-141-01459-3 | ||
| 041 | _aeng | ||
| 082 |
_a153.44 _bGLM |
||
| 100 | _aGLADWELL, MALCOLM | ||
| 245 | _aBLINK THE OF THINING WITHOUT THINKING | ||
| 260 |
_aPune _bPENGUIN BOOKS LTD. PUNE _c2005 |
||
| 300 |
_a296pg _bPB |
||
| 365 | _cRs. | ||
| 650 | _aDECISION THINKING | ||
| 700 | _aGLADWELL, MALCOLM | ||
| 999 |
_c1218184 _d1218184 |
||